Славянобългарска история (Запис номер 171657)
[ съкратено ]
| 000 -Лидер | |
|---|---|
| Контролно поле с фиксирана дължина | 01603nam a2200361 a 4500 |
| 003 - Код на организацията, давaща контролен номер | |
| Контролно поле | BLK |
| 005 - Дата и час на последна редакция | |
| Контролно поле | 20250329154943.0 |
| 008 - Елементи от данни с фиксирана дължина | |
| fixed length control field | 180411b bul|||||r ||||||| ||bul|| |
| 010 ## - Наследен системен номер | |
| LC control number | KNG00179939000 |
| 040 ## - Източник на каталожния запис | |
| Идентификатор на билиотеката - собственик на записа | BLK |
| 041 ## - Код за език | |
| Код за езика на текст/звукозапис или на отделно заглавие | Български |
| Код за езика КДБФ | Български |
| 080 ## - УДК | |
| Текстов определител УДК | Българска литература |
| УДК код - определител по УДК | 821.163.2 |
| УДК определител | -94 |
| УДК - код + определител | 821.163.2-94 |
| 080 ## - УДК | |
| Текстов определител УДК | История на България |
| УДК код - определител по УДК | 94(497.2) |
| УДК определител | (093) |
| УДК - код + определител | 94(497.2)(093) |
| 100 ## - Редна дума - Автор | |
| Автор | Паисий Хилендарски |
| Дати, свързани с автора | 1722-1773 |
| Автор - информация (биография) | Народен будител |
| Пълна форма на името | Хадживълчев, Пенко (Петър) Михаилов |
| R(LIN) | 251543 |
| 139 ## - Редно поле | |
| Редна дума | Паисий Хилендарски |
| Авторски знак | Пад - П 14 |
| 245 10 - Сведения за заглавието | |
| Заглавие | Славянобългарска история |
| Редно поле (дума) | Паисий Хилендарски; под ред. и с предг. от Петър Николов Динеков. |
| 257 ## - Страна на издаване | |
| Страна на създаване/издаване | България |
| 260 ## - Област на издателските данни | |
| Място на издаване, разпространение и проч. | София |
| Име на издателя, разпространителя и проч. | Бълг. писател |
| Година на издаване | 1972 |
| 300 ## - Физическа характеристика | |
| Страници | 271 с. |
| Илюстрации и др. | 23 л. ил. и факс. |
| Размери/Мащаб | 22 см |
| 380 ## - Жанр | |
| Жанр | Худож. лит. |
| 500 ## - Общи забележки | |
| Забележка | 30 100 тир. - Изд. е посветено на 250-год. от рождението на Паисий Хилендарски. |
| 650 #0 - Допълнително описание по предмет – тема | |
| Основно описание – тема или топоним | България - история - извори |
| 9 (RLIN) | 254752 |
| 653 ## - Ключова дума – ненормативна | |
| Ключова дума | българска история |
| 653 ## - Ключова дума – ненормативна | |
| Ключова дума | извори |
| 700 1# - Други автори (авторска отговорност) | |
| Лично име | Динеков, Петър Николов |
| Автороска отговорност (Описва отношението между автора и произведението) | под ред. и с предг. от |
| 9 (RLIN) | 363799 |
| 852 ## - Местоположение | |
| Форматна сигнатура | Цб 65744 |
| 856 4# - Електронен адрес и достъп | |
| Електронен формат | pdf - файл |
| 856 4# - Електронен адрес и достъп | |
| Електронен формат | pdf - файл |
| 999 ## - СИСТЕМНИ КОНТРОЛНИ НОМЕРА | |
| Koha biblionumber | 171657 |
| Koha biblioitemnumber | 171657 |
| 942 ## - АРТИКУЛИ | |
| Вид на библиотечния материал | Книги |
| Скрит в OPAC | Не |
| Koha issues (borrowed), all copies | 7 |
| Периодичен библиозапис | Да |
| 944 ## - СЪЗДАВАНЕ И РЕДАКЦИЯ на ЗАПИСА | |
| Създаване/Редакция | Създаване |
| Дата на регистрацията/редакция | 17.08.2015 |
| Служител, извършил регистрацията/редакцията | 30560 |
| Статус, дата на статуса | Геновева Генчева |
| 944 ## - СЪЗДАВАНЕ И РЕДАКЦИЯ на ЗАПИСА | |
| Създаване/Редакция | Редакция |
| Дата на регистрацията/редакция | 2022-07-19 |
| Служител, извършил регистрацията/редакцията | ир |
| 999 ## - СИСТЕМНИ КОНТРОЛНИ НОМЕРА | |
| Koha biblioitemnumber | 171657 |
| Код за отписване | Код за изгубен артикул | Източник на класификационната схема | Код за повреда | Коз за рестрикции | Код за отдаване | Артикулен № | Име на библиотеката - собственик | Име на библиотеката, в която се намира в момента | Статус (Текущо местоположение) | Дата на вписване в системата | Местоположение - отдел | Цена в лева | Инвентарен номер | Систематично азбучна сигнатура | Баркод | Номер на екземпляра | Цена в евро | Служебна бележка | Служебен тип на артикула |
|---|---|---|---|---|---|---|---|---|---|---|---|---|---|---|---|---|---|---|---|
| Не е изгубен | Universal Decimal Classification | Не е повреден | само за читалня | ползва се в читалня | 291843 | Регионална библиотека "Любен Каравелов" Русе | Регионална библиотека "Любен Каравелов" Русе | Хранилище | 1972-01-01 | Хранилище | 2.44 | 129580 | Цб 65744 | 120000129580 | 1 | 1.25 | Вид: Сф Дата: 01.01.1972 | Книги | |
| Не е изгубен | Universal Decimal Classification | Не е повреден | без рестрикции | заемане за дома | 291844 | Регионална библиотека "Любен Каравелов" Русе | Регионална библиотека "Любен Каравелов" Русе | Заемна - подръчен фонд | 1972-01-01 | Заемна - подръчен фонд | 2.44 | 131309 | П 886.7-94/П 14 | 120000131309 | 2 | 1.25 | Вид: Сф Дата: 01.01.1972 Дата инв: 13.02.2018 Бележки инв: П2018 | Книги | |
| Изтеглен | Не е изгубен | Universal Decimal Classification | Не е повреден | без рестрикции | заемане за дома | 291845 | Регионална библиотека "Любен Каравелов" Русе | Регионална библиотека "Любен Каравелов" Русе | Заемна - подръчен фонд | 1972-01-01 | Заемна - подръчен фонд | 2.44 | 131311 | П 886.7-94/П 14 | 131311 | 3 | 1.25 | Вид: Сф Дата: 01.01.1972 Дата инв: 13.02.2018 Бележки инв: П2018 | Книги |
| Изтеглен | Не е изгубен | Universal Decimal Classification | Не е повреден | без рестрикции | заемане за дома | 291846 | Регионална библиотека "Любен Каравелов" Русе | Регионална библиотека "Любен Каравелов" Русе | Заемна - подръчен фонд | 1972-01-01 | Заемна - подръчен фонд | 2.44 | 625766 | П 886.7-94/П 14 | 625766 | 4 | 1.25 | Вид: Сф Дата: 01.01.1972 | Книги |
| Не е изгубен | Universal Decimal Classification | Не е повреден | без рестрикции | заемане за дома | 291847 | Регионална библиотека "Любен Каравелов" Русе | Регионална библиотека "Любен Каравелов" Русе | Детски отдел | 1972-01-01 | Детски отдел | 2.44 | 131408 | ДХ 886.7/П 14 | 120000131408 | 5 | 1.25 | Вид: Сф Дата: 01.01.1972 Дата инв: 01.09.2015 Бележки инв: Д2015 | Книги |